| 000 | 00872nam a22002417a 4500 | ||
|---|---|---|---|
| 999 |
_c9771 _d9771 |
||
| 003 | AR-CdUCM | ||
| 008 | 190328b ||||| |||| 00| 0 spa d | ||
| 020 | _a978-607-618-378-6 | ||
| 040 |
_aMUNICIPALIDAD PROVINCIAL DEL CUSCO _cBIBLIOTECA MUNICIPAL DEL CUSCO |
||
| 041 | _hspa | ||
| 082 |
_aEP / 803 _bP26 |
||
| 100 |
_aLang, Andrew _926200 |
||
| 245 |
_aDe cómo engañaron al Dragón : _by otras historias disparatadas / |
||
| 260 |
_aMéxico : _bSilver Dolphin, _c2015. |
||
| 300 |
_a40 páginas ; _bIlustraciones a color, _c22 cm. |
||
| 505 | _aContenido: Botón de oro -- Cuando desearon alas -- El muchacho y el diablo -- De cómo engañaron al dragón. | ||
| 650 |
_aNarrativa _967 |
||
| 650 |
_acuentos infantiles _926201 |
||
| 700 |
_aDebbe Dansent, Sir George _926202 |
||
| 700 |
_aParker, Vic (Compilador) _926203 |
||
| 942 |
_2ddc _cLIBROS |
||
| 945 | _araen | ||